Statistics for Countries in the middle east

Click here to take the quiz!

General Stats

  • This quiz has been taken 29 times
  • The average score is 11 of 14

Answers on the Map

Answers color-coded by a green-red scale on the quiz's map according to % correct below.
 

Answer Stats

Answer% Correct
iran
84%
iraq
84%
saudi arabia
84%
turkey
84%
yemen
84%
israel
80%
oman
80%
syria
80%
united arab emirates
80%
bahrain
76%
lebanon
76%
jordan
72%
kuwait
72%
qatar
68%

Score Distribution

Percentile by Number Answered

Percent of People with Each Score

Your Score History

You have not taken this quiz